000 00909nam 22002533 4500
001 196430
010 _a972-46-1471-9
021 _aPT
_b235 768/05
090 _a196430
100 _a20250603d u||y0pory50 ba
200 _aCriminologia
_fMaurice Cusson
_gprefácio Cândido da Agra ; tradução Josefina Castro
205 _a
210 _aCruz Quebrada
_cCasa das letras
_d2006
215 _a254 p.
_cbrochado
_d23 cm
606 _97813
_aDireito
610 _aCriminologia--Séc.XX
610 _aTeorias gerais do crime e da criminalidade
675 _a343.9
_vPT
_zpor
700 _912520
_aCusson
_bMaurice
702 _aAgra
_bCândido da
_cÁrea das Ciências sociais com destaque para o direito e criminologia. fundou o Centro de Ciências do Comportamento Desviante da f.Psicologia do Porto
_912524
702 _912525
_aCastro
_bJosefina
801 _aPT
_bBMMN
_gRPC
830 _cAna
_fAna
990 _cLIVROS